| 000 | 00678nam a2200157 i 4500 | ||
|---|---|---|---|
| 001 | 159404 | ||
| 003 | ES-MaACL | ||
| 005 | 20230906211602.0 | ||
| 008 | 990518s1870 sp |||| | spa d | ||
| 040 |
_aM-RABA _bspa _cM-RABA _dCCPB | B |
||
| 100 | 1 |
_aMendoza, Francisco de. _9129828 |
|
| 245 | 1 | 0 |
_aManual del pintor de historia ó sea Recopilación de las principales reglas, máximas y preceptos para los que se dedican á esta profesión / _cpor Francisco de Mendoza. |
| 260 |
_aMadrid : _b[s.n.], _c1870 ( _fImprenta de T. Fortanet) |
||
| 300 |
_a50 p. ; _c21 cm. |
||
| 852 |
_aES-MaACL _jT-1294-F-3 _z-- Enc. hol., conservando la cub. original _z-- Enc. en un vol. facticio |
||
| 999 |
_c159404 _d159404 |
||